| 000 | 00439nam a22001697a 4500 | ||
|---|---|---|---|
| 999 |
_c7972 _d7972 |
||
| 003 | OSt | ||
| 005 | 20190730173859.0 | ||
| 008 | 190322b ||||| |||| 00| 0 eng d | ||
| 040 | _cDLC | ||
| 050 | _a494 P549B | ||
| 082 |
_a494 _bP549B |
||
| 100 | _aPhilip, JOhnson C. | ||
| 245 |
_aBible Encyclopedia (Malayalam) _cBy Johnson C. samuel/ |
||
| 260 |
_aINdia: _bSathyam Publication: _cc. 1997 |
||
| 300 |
_a744 p.; _c22 cm |
||
| 942 |
_2ddc _cREF |
||